BUSINESS RESERCH METHODS (Record no. 215844)

MARC details
000 -LEADER
fixed length control field 00496nam a22001817a 4500
008 - FIXED-LENGTH DATA ELEMENTS--GENERAL INFORMATION
fixed length control field 250708b |||||||| |||| 00| 0 eng d
020 ## - INTERNATIONAL STANDARD BOOK NUMBER
International Standard Book Number 978-1-4737-0485-5
050 ## - LIBRARY OF CONGRESS CALL NUMBER
Classification number HD 30.4 .B84 2015
100 ## - MAIN ENTRY--PERSONAL NAME
Personal name QUINLAN,CHRISTINA
245 ## - TITLE STATEMENT
Title BUSINESS RESERCH METHODS
250 ## - EDITION STATEMENT
Edition statement 1ST ED.
260 ## - PUBLICATION, DISTRIBUTION, ETC.
Place of publication, distribution, etc. HAMPSHIRE
Name of publisher, distributor, etc. CENGAGE LEARNING
Date of publication, distribution, etc. 2015
300 ## - PHYSICAL DESCRIPTION
Extent XII,413
500 ## - GENERAL NOTE
General note BIBLIOGRAPHICAL REFENCES AND INDEX
650 ## - SUBJECT ADDED ENTRY
Topical term or geographic name entry element BUSINESS RESERCH METHODS
942 ## - ADDED ENTRY ELEMENTS (KOHA)
Source of classification or shelving scheme Library of Congress Classification
Koha item type Long Loan Book
Holdings
Withdrawn status Lost status Source of classification or shelving scheme Damaged status Not for loan Collection Home library Current library Shelving location Date acquired Inventory number Total checkouts Full call number Barcode Date last seen Copy number Price effective from Koha item type
    Library of Congress Classification     Business & Economics Kisii University Library Kisii University Library On Display 07/08/2025 108957   HD 30.4 .B87 2015 000000018514 07/08/2025 1 07/08/2025 Long Loan Book
    Library of Congress Classification     Business & Economics Kisii University Library Kisii University Library On Display 07/08/2025 108958   HD 30.4 .B87 2015 000000018518 07/08/2025 2 07/08/2025 Long Loan Book
    Library of Congress Classification     Business & Economics Kisii University Library Kisii University Library On Display 07/08/2025 108959   HD 30.4 .B87 2015 000000018517 07/08/2025 3 07/08/2025 Long Loan Book
    Library of Congress Classification     Business & Economics Kisii University Library Kisii University Library On Display 07/08/2025 108960   HD 30.4 .B87 2015 000000018516 07/08/2025 4 07/08/2025 Long Loan Book
    Library of Congress Classification     Business & Economics Kisii University Library Kisii University Library On Display 07/08/2025 108961   HD 30.4 .B87 2015 000000018515 07/08/2025 5 07/08/2025 Long Loan Book